000 01307njm a22002537a 4500
005 20100909104055.0
007 sd ammalaaahaa
008 100909t xxu||||| |||| 00| 0 hin d
028 _a3AE 1040
_bAngel Record
035 _aGR-01358
040 _aSED/VEN
100 _aManna Dey
_919057
245 _aChitralekha :
_bHindustani /
_cby Manna Dey ; music by Roshan ; lyric by Sahir Ludhianvi
_h[sound recording] :
246 _aचित्रलेखा (मन्ना डे )
260 _aDum Dum India
_bAngel Record
_c1964
300 _a1 sound disc [Gramophone record] :
_banalog, 33 1/3 rpm
_c10 in.
_fGramophone Record
500 _aBrief Record
505 _aMara gaya brahmchari side two (Chitralekha) (Manna Dey) मारा गया ब्रह्मचारी साइड २ (चित्रलेखा ) (मन्ना डे ) Sansar se bhagey phirte ho side one (Chitralekha) (Lata Mangeshkar) संसार से भागे फिरते हो साइड १ (चित्रलेखा ) (लता मंगेशकर )
650 _aClassical Music
_xExcerpts
_zIndia
_919058
700 _aRoshan
_919059
700 _aSahir Ludhianvi
_919060
942 _2ddc
_cGR
999 _c44639
_d44639